Development as if women mattered : an annotated bibliography with a with a third world focus
Αποθηκεύτηκε σε:
| Κύριος συγγραφέας: | |
|---|---|
| Άλλοι συγγραφείς: | |
| Μορφή: | Βιβλίο |
| Γλώσσα: | English |
| Δημοσίευση: |
Washington :
Overseas Development Council,
1978
|
| Σειρά: | Occasional paper ;
; 10 |
| Θέματα: | |
| Ετικέτες: |
Προσθήκη ετικέτας
Δεν υπάρχουν, Καταχωρήστε ετικέτα πρώτοι!
|
MARC
| LEADER | 00000nam a2200000 i 4500 | ||
|---|---|---|---|
| 001 | 1/91748 | ||
| 008 | 961220s1978 eng d | ||
| 035 | |l 10008165 | ||
| 040 | |a GR-MY-UA |b gre |e aacr | ||
| 041 | 0 | |a eng | |
| 082 | 0 | |a 305.4016 | |
| 100 | 1 | |a Rihani, Mayy. | |
| 245 | 1 | 0 | |a Development as if women mattered : |b an annotated bibliography with a with a third world focus / |c May Rihani; Jody Joy |
| 260 | |a Washington : |b Overseas Development Council, |c 1978 | ||
| 300 | |a 137 p. | ||
| 490 | 1 | |a Occasional paper |v ; 10 | |
| 500 | |a Prepared under the auspices of the secretariat for women in development of the New TransCentury Foundation | ||
| 650 | 0 | 0 | |a Women |x Employment |z Developing countries |x Bibliography. |
| 650 | 0 | 0 | |a Women in rural development |x Bibliography. |
| 700 | 1 | |a Joy, Jody. | |
| 830 | 0 | |a Occasional paper ; |v ; 10 | |
| 852 | |a INST |b LESVOS |e 19961220 |h 305.4016 RIH |p 005100022762 |q 005100022762 |t REF |y 23 | ||
| 909 | |a Λ |b 007504 | ||